000 00471 a2200169 4500
020 _a9780387745176
040 _aDLC
_bDLC
082 _a621.3827 DUT
100 _aRudra Dutta
110 _aAhmed E. Kamal
245 _aTraffic Grooming for Optical Networks: foundations, techniques and frontiers
_cRudra Dutta
260 _aNew York
_bSpringer
_c2008
300 _a295 p.
650 _aOptical communications
700 _aRudra Dutta
942 _cBK
_k621.3827 DUT
_2ddc
999 _c10691
_d10691